header

Fictions of U.S. history (Record no. 2472)

MARC details
000 -LEADER
fixed length control field 01657nam a2200349 a 4500
082 04 - DEWEY DECIMAL CLASSIFICATION NUMBER
Classification number 973/.01
100 1# - MAIN ENTRY--AUTHOR NAME
Personal name Keller, Frances Richardson,
245 10 - TITLE STATEMENT
Title Fictions of U.S. history
260 ## - PUBLICATION, DISTRIBUTION, ETC. (IMPRINT)
Place of publication Bloomington :
Name of publisher Indiana University Press,
Year of publication c2002.
300 ## - PHYSICAL DESCRIPTION
Number of Pages 184 p. :
Other physical details ill.
505 0# - FORMATTED CONTENTS NOTE
Formatted contents note Fictions and the missions of history: our fictions, our missions, our selves -- The grandest fiction -- The scramble after the Civil War -- From Mormon polygamy to American monogamy: shifting fictions in the life of a society -- Eleanor Roosevelt: changing fictions in the life of an individual.
650 #0 - SUBJECT ADDED ENTRY--TOPICAL TERM
Topical Term Fictions, Theory of.
Topical Term Ideology
Topical Term Patriarchy.
856 40 - ELECTRONIC LOCATION AND ACCESS
Uniform Resource Identifier http://site.ebrary.com/lib/rucke/Doc?id=10002972

No items available.

© 2026 Rongo University
Contact us: librarian | system librarian | Rongo university